| 000 | 00945nam a2200229 i 4500 | ||
|---|---|---|---|
| 001 | 98562 | ||
| 003 | ES-MaACL | ||
| 005 | 20250828030051.0 | ||
| 007 | t| | ||
| 008 | 041202q19101919sp ||||1| spa d | ||
| 100 | 1 |
_aKèaser, Engelbert. _9128505 |
|
| 245 | 1 | 4 |
_aLos socialistas pintados por sí mismos _b: (¡el demócrata socialista tiene la palabra!) / _cpor el doctor Engelbert Kèaser ; versión española de la cuarta edición alemana por Domingo Miral. |
| 260 |
_aMadrid : _bSaturnino Calleja Fernández, _c[191-?] ( _fHijos de R. Alvarez) |
||
| 300 |
_a246 p. ; _c20 cm. |
||
| 490 | 1 | _aCiencia y acción : estudios sociales. Segunda serie (Popular | |
| 500 | _aLa 4ª ed. alemana se publicó en junio de 1911. | ||
| 650 | 1 | 7 |
_aSocialismo _2embne _917147 |
| 700 | 1 |
_aMiral, Domingo, _d1872-1942 _981480 |
|
| 830 | 0 | 0 |
_aCiencia y acción. _pEstudios sociales _9187220 |
| 852 |
_aES-MaACL _jD-626 |
||
| 999 |
_c98562 _d98562 |
||